00492nam a2200181Ia 4500008004100000020001800041082001300059100002100072245003100093250000600124260001900130300000800149500002400157650001200181942000700193952009300200999001700293230524s9999 xx 000 0 und d a9788177092325 a530bVER aH C Verma943446 0aConcepts of Physics Vol-II a1 bBharati Bhawan a466 aQuantity Number: 1 aPhysics cBK 00104070aTATCLbTATCLcGENd2023-05-24l0o530 VERp56194r2023-05-24w2023-05-24yBK c58862d58862